书目信息 |
| 题名: |
Access数据库实用教程
|
|
| 作者: | 郑小玲 主编 ;张宏 , 卢山 , 旷野 编著 | |
| 分册: | ||
| 出版信息: | 北京 人民邮电出版社 2013.02 |
|
| 页数: | 278页 | |
| 开本: | 26cm | |
| 丛书名: | ||
| 单 册: | ||
| 中图分类: | TP311.138AC , TP311.138 | |
| 科图分类: | ||
| 主题词: | 关系数据库系统--高等教育--教材 , 关系数据库系统 | |
| 电子资源: | ||
| ISBN: | 978-7-115-30583-1 | |
| 000 | 01148nam0 2200325 450 | |
| 001 | 241 | |
| 005 | 20180925104013.03 | |
| 010 | @a978-7-115-30583-1@dCNY35.00 | |
| 100 | @a20130318d2013 em y0chiy50 ea | |
| 101 | 0 | @achi |
| 102 | @aCN@b110000 | |
| 105 | @ay z 000yy | |
| 200 | 1 | @aAccess数据库实用教程@9Access shu ju ku shi yong jiao cheng@dPractical coursebook on accsee@f郑小玲主编@g张宏,卢山,旷野编著@zeng |
| 205 | @a2版 | |
| 210 | @a北京@c人民邮电出版社@d2013.02 | |
| 215 | @a278页@d26cm | |
| 300 | @a21世纪高等教育计算机规划教材 | |
| 330 | @a本书主要对数据库的基础知识、Access数据库的基本功能和Access 2010数据库的基本操作、Access编程技术进行讲述和介绍。 | |
| 510 | 1 | @aPractical coursebook on accsee@zeng |
| 606 | 0 | @a关系数据库系统@x高等教育@j教材 |
| 606 | 0 | @a关系数据库系统 |
| 610 | 0 | @aAccess |
| 690 | @aTP311.138AC@v5 | |
| 690 | @aTP311.138@v4 | |
| 701 | 0 | @a郑小玲@9zheng xiao ling@c(女,计算机技术)@4主编 |
| 702 | 0 | @a张宏@9zhang hong@c(数据库)@4编著 |
| 702 | 0 | @a卢山@9lu shan@4编著 |
| 702 | 0 | @a旷野@9kuang ye@c(计算机)@4编著 |
| 801 | 0 | @aCN@b91MARC@c20130904 |
| 905 | @aMuseLib@dTP311.138@e1250=2 | |
| Access数据库实用教程=Practical coursebook on accsee/郑小玲主编/张宏,卢山,旷野编著.-2版.-北京:人民邮电出版社,2013.02 |
| 278页;26cm |
| 21世纪高等教育计算机规划教材 |
| ISBN 978-7-115-30583-1:CNY35.00 |
| 本书主要对数据库的基础知识、Access数据库的基本功能和Access 2010数据库的基本操作、Access编程技术进行讲述和介绍。 |
| ● |
| 相关链接 |
|
|
|
|
正题名:Access数据库实用教程
索取号:TP311.138/1250=2
 
预约/预借
| 序号 | 登录号 | 条形码 | 馆藏地/架位号 | 状态 | 备注 |
| 1 | 1118939 | 211189391 | 第二样本阅览室/ [索取号:TP311.138/1250=2] | 在馆 | |
| 2 | 1118940 | 211189408 | 第三借阅区/ [索取号:TP311.138/1250=2] | 在馆 | |
| 3 | 1118941 | 211189417 | 第三借阅区/ [索取号:TP311.138/1250=2] | 在馆 | |
| 4 | 1118942 | 211189426 | 第三借阅区/ [索取号:TP311.138/1250=2] | 在馆 | |
| 5 | 1118943 | 211189435 | 第三借阅区/ [索取号:TP311.138/1250=2] | 在馆 |